02179njm a2200289Ia 4500001000600000003000900006005001700015008004100032040001300073040001300086999001700099999000900116100001600125100002500141100004300166245005200209250001100261260001100272260002900283300001700312300003000329500011200359505111100471650005901582942001201641952023601653G5445IT-RoPAU20220918181114.0131025s9999 xx 000 0 und d aIT-RoPAU cIT-RoPAU c99267d99267 bn.d. aAA.VV.9794 eAutore musica932971 gCodice autore musica SPICS: 120009796 aDigressions. L'arrangiamento per piccoli gruppi a1a ed. aMILANO bRUSCONIc2000 [1a Ed.:0] aCOMPACT DISC c75 minuti (Testo: 0 pag.) aMusica jazz. Cd fuori commercio allegato al n. 10 2000 della rivista "Musica jazz", (Cod. G5442). 24 brani. aOry's Creole Trombone di Kid Ory (3:11) - Shim Me Sha Wabble di Spencer Williams (2:55) - Coal Cart Blues di Louis Armstrong-Lil Hardin (2:51) - That's No Bargain di Lorign Red Nichols (2:44) - Wolverine Blues di Ferdinandmorton (3:21) - Davenport Blues di Bix Beiderbecke (3:14) - Beau Koo Jack di Alex Hill-Louis Armstrong-W. Melrose (3:02) - One Night in Havana di Hoagy Carmichael-Porter (2:48) - The Wild Dog di Joe Venuti (2:44) - I Know That You Know di Youmans (2:56) - In A Mist di Bix Beiderbecke (3:18) - There'll Be Some Changes Mode di B. Higgins-W.B. Overstreet (3:04) - From A Flatto C di Billy Kyle (2:33) - Upstairs di Stuff Smith (2:54) - Ac-Dc Currentdi C. Christian-L. Hampton-B. Goodman (2:22) - Father Co-Operates di Jamesyoung (4:46) - I'll Be Seeing You di S. Fain-I. Kahal (3:31) - Honeysucklerose di T. Waller-A. Razaf (2:21) - Just A Gigolo di L. Casucci-I. Caesar (3:09) - Swamp Mist di Rex Stewart (4:35) - Coppin' the Bop di J.J. Johnson (2:59) - Tisherome di Mary Lou Williams (2:46) - Casbah di Tadd Dameron (3:00) - Digression di Lennie Tristano (3:05). Tempo totale 74:23. aJAZZ [COMPACT DISC]eCodice MATERIA SPICS: 9949911822 cCD2ddc 0010406G_5445_00000000000000071aSPICSbSPICSd2013-10-25l0oG5445r2013-10-25 00:00:00w2013-10-25yCDzProgr. Ins.: 22879 / N.Vol.: 1 / Copie: 1 - Copia rara: n.d. / date import: 01.01.2014 - By Epidotti, Trombetti, Vaglietti